|
|
|
|
| LEADER |
00699naa a2200181 i 4500 |
| 001 |
publ7268 |
| 005 |
20190619152319.0 |
| 008 |
170309s2016 hu o 0|| magyar d |
| 020 |
|
|
|a 9789634090618
|
| 024 |
7 |
|
|a 3074262
|2 mtmt
|
| 040 |
|
|
|a SZTE Publicatio Repozitórium
|b hun
|
| 041 |
|
|
|a magyar
|
| 100 |
1 |
|
|a Schirm Anita
|
| 245 |
1 |
3 |
|a Az alakzatok mint a nyelvi humor eszközei a stand-up comedyben
|h [elektronikus dokumentum] /
|c Schirm Anita
|
| 260 |
|
|
|a Tinta Könyvkiadó; Selye János Egyetem; ELTE Bölcsészettudományi Kar
|b Budapest
|c 2016
|
| 300 |
|
|
|a 33-42
|
| 490 |
0 |
|
|a A humor nagyítón keresztül
|
| 856 |
4 |
0 |
|u http://publicatio.bibl.u-szeged.hu/7268/7/SchrimAnita_Alakzatok.pdf
|z Dokumentum-elérés
|